Apellidos de Carlos Sainz - Estadísticas

Estadísticas generales
  • Esta prueba ha sido intentada 81 veces
  • La puntuación promedio es 7 de 14
Estadísticas de respuestas
Hint Respuesta % Correcto
1 Sainz
100%
3 De Castro
75%
2 Vázquez
75%
4 Cenamor
50%
5 Rincón
50%
11 Per
48%
6 Rebollo
44%
14 Del Pulgar
37%
13 Pérez
35%
8 Moreno
33%
9 De Aranda
31%
7 Virto
29%
10 Don
27%
12 Urrielagoiria
19%
No se encontraron pruebas coincidentes
Distribución de puntuación
Porcentaje de gente con cada puntuación
Porcentaje por número respondido
Historial de tus puntuaciones
No has intentado esta prueba.